01043 a2200193 45000010006000000050017000060080041000230030015000640400040000790800073001192450042001920200018002342640034002523000019002865050447003051000023007527000032007757000042008073864120260407155648.0260407a1981 arg spa dAR-UNSa-BCEJYS aAR-UNSa-BCEJYSbspacAR-UNSa-BCEJYS a658.8xOrganización de mercados. Marketing. Ventas. Distribución10aTeoría y problemas de Mercadotecnia a968-451-351-8 1aMéxico :bMcGraw-Hillc1981 a163 p.c27 cm. a1. Proceso de mercadotecnia - 2. Mercados - 3. Organización para concurrir al mercado - 4. Planeación del producto - 5. Estrategia de fijación de precios - 6. Sistemas de distribución - 7. Investigación de mercadotecnia - 8. Planeación y pronóstico del mercado - 9. Comportamiento del consumidor - 10. Publicidad y promoción de ventas - 11. Ambiente legal de la mercadotecnia - 12. Administración y control de mercadotecnia.1 aHoltje, Herbert F.1 aCorona de Contin, Hortensia1 aDomíngez de Sánchez, Cora María